Ямбургский Екатерининский собор зодчего Антонио Ринальди (Запись № 10725672)

Подробности
000 -МАРКЕР
контрольное поле 01589nam0a2200313 4500
001 - ИДЕНТИФИКАТОР ЗАПИСИ
контрольное поле RU\NLR\BIBL_A\010346354
005 - ИДЕНТИФИКАТОР ВЕРСИИ
контрольное поле 20250630151202.0
010 ## - МЕЖДУНАРОДНЫЙ СТАНДАРТНЫЙ НОМЕР КНИГИ (ISBN)
Номер (ISBN) 978-5-86983-532-1
Тираж 1500
035 ## - ДРУГИЕ СИСТЕМНЫЕ НОМЕРА
Идентификатор записи (NLR Aleph) 010346354
100 ## - ДАННЫЕ ОБЩЕЙ ОБРАБОТКИ
Данные общей обработки 20140423d2013 |||y0rusy50 ca
101 0# - ЯЗЫК РЕСУРСА
Язык текста, звукозаписи и т.д. русский
102 ## - СТРАНА ПУБЛИКАЦИИ ИЛИ ПРОИЗВОДСТВА
Страна публикации российская федерация
105 ## - ПОЛЕ КОДИРОВАННЫХ ДАННЫХ: ТЕКСТОВЫЕ МАТЕРИАЛЫ, МОНОГРАФИЧЕСКИЕ
Кодированные данные о монографическом текстовом документе ach|z|||001yy
200 1# - ЗАГЛАВИЕ И СВЕДЕНИЯ ОБ ОТВЕТСТВЕННОСТИ
Основное заглавие Ямбургский Екатерининский собор зодчего Антонио Ринальди
Сведения, относящиеся к заглавию историко-искусствоведческий очерк
-- к 250-летию начала строительства храма и 230-летию его освящения
Первые сведения об ответственности Андрей Белобородов
210 ## - ПУБЛИКАЦИЯ, РАСПРОСТРАНЕНИЕ И ДР.
Место издания, распространения и т.д. Санкт-Петербург
Имя издателя, распространителя и т. д. [б. и.]
Дата издания, распространения и т.д. 2013
215 ## - ФИЗИЧЕСКАЯ ХАРАКТЕРИСТИКА
Специфическое обозначение материала и объем 260, [1] с.
Другие сведения о физической характеристике ил., цв. ил., протр., факс.
Размеры 33
320 ## - ПРИМЕЧАНИЯ О НАЛИЧИИ В ДОКУМЕНТЕ БИБЛИОГРАФИИ / УКАЗАТЕЛЯ
Текст примечания Библиогр.: с. 251-254 (152 назв.)
320 ## - ПРИМЕЧАНИЯ О НАЛИЧИИ В ДОКУМЕНТЕ БИБЛИОГРАФИИ / УКАЗАТЕЛЯ
Текст примечания Имен. указ.: с. 255-260
601 02 - НАИМЕНОВАНИЕ ОРГАНИЗАЦИИ КАК ПРЕДМЕТ
Начальный элемент ввода Екатерининский собор
Идентифицирующий признак Кингисепп
Системный номер авторитетной/нормативной записи 2194115
Идентификатор авторитетной/нормативной записи RU\NLR\AUTH\6601554283
686 2# - ИНДЕКСЫ ДРУГИХ КЛАССИФИКАЦИЙ
Индекс Э372.24-655
700 #1 - ИМЯ ЛИЦА - ПЕРВИЧНАЯ ОТВЕТСТВЕННОСТЬ
Начальный элемент ввода Белобородов
Часть имени, кроме начального элемента ввода А. Н.
Дополнения к именам, кроме дат краевед, искусствовед
Расширение инициалов личного имени Андрей Николаевич
Системный номер авторитетной/нормативной записи 133118
Идентификатор авторитетной/нормативной записи RU\NLR\AUTH\770133152
702 #1 - ИМЯ ЛИЦА - ВТОРИЧНАЯ ОТВЕТСТВЕННОСТЬ
Код отношения Прочие
Начальный элемент ввода Ринальди
Часть имени, кроме начального элемента ввода А.
Дополнения к именам, кроме дат архитектор
Даты 1709-1794
Расширение инициалов личного имени Антонио
Системный номер авторитетной/нормативной записи 133115
Идентификатор авторитетной/нормативной записи RU\NLR\AUTH\770133149
942 ## - ДОПОЛНИТЕЛЬНЫЕ ЭЛЕМЕНТЫ ЗАПИСИ (АБИС)
Тип экземпляра АБИС Книга
980 ## - КОЛЛЕКЦИЯ
Название коллекции НБР
980 ## - КОЛЛЕКЦИЯ
Название коллекции Национальная библиография

Нет доступных экземпляров.